Advanced biological treatment processes for industrial wastewaters: principles and applications
Uloženo v:
| Hlavní autoři: | , , |
|---|---|
| Médium: | Kniha |
| Jazyk: | angličtina |
| Vydáno: |
Londres
IWA
2006
|
| Vydání: | 1a. ed |
| Edice: | Integrated Environmental Technology Series
|
| Témata: | |
| Tagy: |
Přidat tag
Žádné tagy, Buďte první, kdo vytvoří štítek k tomuto záznamu!
|
MARC
| LEADER | 00000nam a2200000 a 4500 | ||
|---|---|---|---|
| 001 | UCJ2795 | ||
| 003 | CL-VaPUC | ||
| 008 | 070119e20060000UK |||||||||||||||||eng|d | ||
| 020 | |a 1843391147 | ||
| 082 | 0 | 4 | |a 628.162 |b CER |2 21 |
| 100 | 0 | |a Cervantes, Francisco J |e author |9 503763 | |
| 700 | 0 | |a Pavlostathis, Spyros G |e author |9 503764 | |
| 700 | 0 | |a Haandel, Adrianus C. van |e author |9 503765 | |
| 245 | 1 | 0 | |a Advanced biological treatment processes for industrial wastewaters: principles and applications |
| 250 | |a 1a. ed | ||
| 300 | |a 345 p | ||
| 942 | |c BK | ||
| 945 | |d 20070119 00:00:00 |a cmena | ||
| 260 | |a Londres |b IWA |c 2006 | ||
| 650 | 0 | |a Aguas servidas |9 261486 | |
| 650 | 7 | |a DESECHOS INDUSTRIALES |2 CL-VaPUC |9 326356 | |
| 650 | 0 | |a Tratamiento del agua |9 262889 | |
| 650 | 0 | |a Contaminación del agua |9 261423 | |
| 650 | 7 | |a PURIFICACION |2 CL-VaPUC |9 262791 | |
| 650 | 0 | |a Residuos industriales |9 261421 | |
| 583 | |a last modification |c 20161003 11:36:46 |k Rodrigo Vera | ||
| 490 | 0 | |a Integrated Environmental Technology Series | |
| 999 | |c 318925 |d 318923 | ||
| 952 | |0 0 |1 0 |4 0 |6 628_162000000000000_CER_2006 |7 0 |8 A |9 397140 |a BIBING |b BIBING |d 2019-11-22 |i 4315081 |l 1 |o 628.162 CER 2006 |p 4315081 |r 2025-01-20 |s 2024-04-25 |w 2019-11-22 |y BK |k EIB | ||